000 00443nam a2200181Ia 4500
005 20250603145531.0
008 250603s9999 xx 000 0 und d
020 _a8121903696
050 _aJA 71 .M34/
100 _aMahajan, V. D.
245 0 _aPolitical theory: principles of political science
260 _aNew Delhi
260 _bS. Chand & Company Ltd.
260 _c2012
300 _a910 p
650 _aNew Delhi
942 _cBK
999 _c42141
_d42141